<?xml version="1.0" encoding="UTF-8"?>
<collection xmlns:xsi="http://www.w3.org/2001/XMLSchema-instance" xsi:schemaLocation="http://www.loc.gov/MARC21/slim http://www.loc.gov/standards/marcxml/schema/MARC21slim.xsd" xmlns="http://www.loc.gov/MARC21/slim">
 <record>
  <leader>00000cab a22000004cb4500</leader>
  <controlfield tag="001">IPP-00000284241</controlfield>
  <controlfield tag="003">IPP</controlfield>
  <controlfield tag="005">20190411160551.0</controlfield>
  <controlfield tag="008">190411s2002    xx     d | ||r |||||eng||</controlfield>
  <datafield tag="041" ind1="#" ind2="#">
   <subfield code="a">eng</subfield>
  </datafield>
  <datafield tag="100" ind1="1" ind2="#">
   <subfield code="a">Cabanlit, Epimaco A., Jr.</subfield>
  </datafield>
  <datafield tag="245" ind1="1" ind2="0">
   <subfield code="a">On the mixture of the displaced exponential distributions</subfield>
  </datafield>
  <datafield tag="264" ind1="#" ind2="1">
   <subfield code="c">2002</subfield>
  </datafield>
  <datafield tag="300" ind1="#" ind2="#">
   <subfield code="b">illustrations</subfield>
  </datafield>
  <datafield tag="520" ind1="#" ind2="#">
   <subfield code="a">The Displaced Exponential and the Schuhl's Composite Distribution are considered as good models for traffic flow. The Schuhl's Composite Distribution is a mixture of two Displaced Exponential Distributions. In this paper we extend the Schuhl's Composite Distribution for more than two Displaced Exponential Distributions. Important Summaries are then presented. The parameters of the said mixture are also estimated. Lastly, various graphs of the distribution are exhibited.</subfield>
  </datafield>
  <datafield tag="650" ind1="1" ind2="0">
   <subfield code="a">Displaced exponential distribution</subfield>
  </datafield>
  <datafield tag="650" ind1="2" ind2="0">
   <subfield code="a">Schuhl's composite distribution</subfield>
  </datafield>
  <datafield tag="773" ind1="0" ind2="#">
   <subfield code="t">MSU Research Journal: official publication of the Research and Development Center Mindanao State University, General Santos City</subfield>
   <subfield code="g">Vol. IV, no. 1 (2002), 33-42</subfield>
  </datafield>
  <datafield tag="942" ind1="#" ind2="#">
   <subfield code="a">Article</subfield>
  </datafield>
  <datafield tag="950" ind1="#" ind2="#">
   <subfield code="a">FI</subfield>
  </datafield>
 </record>
</collection>
